000
00503nam a2200181Ia 4500
008
090123s9999 xx 000 0 und d
082
_b
3723
100
_a
आलनहल्लि श्रीकृष्ण
245
_a
तप्त
250
_a
1
260
_c
1974
300
_a
129
600
_a
आलनहल्लि श्रीकृष्ण
630
_a
तप्त
700
_a
आलनहल्लि श्रीकृष्ण
730
_a
तप्त
942
_c
BOOK
999
_c
41802
_d
41802